000
00302nam a22001337a 4500
008
250422b |||||||| |||| 00| 0 eng d
020
_a
75103477
050
_a
JK 1029
_b
.G66
100
_a
Goodwin George JR
245
_a
The little legislatures
260
_a
USA
_c
1970
300
_a
284p.
942
_c
BK
999
_c
3083
_d
3083